000 00422 a2200169 4500
001 69465
020 _a8508061315
040 _cAnchieta - Itaigara
100 _aCarrasco, Walcyr
240 1 0 _aO golpe do aniversariante e outras crônicas
_lpor
245 1 0 _aO golpe do aniversariante e outras crônicas
300 _a122
362 0 _a1998
440 1 _aÁtica
650 4 _aLiteratura infanto-juvenil
942 _cBK
999 _c69465
_d69465